| 000 | 01807nam a2200433Ii 4500 | ||
|---|---|---|---|
| 001 | DIGMAIPUE0119 | ||
| 003 | NyNyDIG | ||
| 008 | 220309s2020 ag ob 00 0 spa d | ||
| 006 | m o d | ||
| 007 | cr ||||||||||| | ||
| 035 | _a(OCoLC)1319855560 | ||
| 040 |
_aDGITA _beng _erda _epn _cDGITA |
||
| 020 |
_a9789878321691 _qeBook _qePub |
||
| 020 | _z9789873615238 | ||
| 050 | 1 | 4 | _aRA440 ebook |
| 100 | 1 |
_aMosso, Liliana Elisabet, _eauthor. |
|
| 245 | 1 | 0 |
_aSalud y adolescencia : _bopciones para una vida saludable / _cLiliana Elisabet Mosso, María Marta Penjerek, Rocío Feltrez. |
| 264 | 1 |
_aItuzaingó, Pcia. de Buenos Aires, República Argentina : _bEditorial Maipue, _c[2020] |
|
| 300 | _a1 online resource. | ||
| 336 |
_atext _btxt _2rdacontent |
||
| 337 |
_acomputer _bc _2rdamedia |
||
| 338 |
_aonline resource _bcr _2rdacarrier |
||
| 347 |
_atext file _2rdaft |
||
| 347 | _bEPUB | ||
| 504 | _aIncludes bibliographical references. | ||
| 588 | 0 | _aOnline resource; title from ePub title page (Digitalia, viewed March 09, 2022) | |
| 650 | 0 |
_aHealth education _xStudy and teaching (Secondary) |
|
| 650 | 0 |
_aSelf-esteem in adolescence _xStudy and teaching (Secondary) |
|
| 655 | 0 | _aElectronic books. | |
| 700 | 1 |
_aPenjerek, María Marta, _eauthor. |
|
| 700 | 1 |
_aFeltrez, Rocío, _eauthor. |
|
| 791 | 2 |
_aDigitalia (Firm), _edistributor. |
|
| 793 | 0 |
_gDigitalia eBook Collection: _aEditorial Maipue. |
|
| 776 | 0 | 8 |
_iPrint version: _aMosso, Liliana Elisabet. _tSalud y adolescencia. _dItuzaingó, Pcia. de Buenos Aires, República Argentina : Editorial Maipue, [2020] _z9789873615238 |
| 830 | 0 | _aColección Humanidades (Buenos Aires, Argentina) | |
| 856 | 4 | 0 |
_3Digitalia Hispánica _uhttps://www.digitaliapublishing.com/a/80796/ |
| 910 | _aPremium collection: 2022 | ||
| 942 | _cRAA | ||
| 999 |
_c264869 _d264869 |
||